[Event "Helsingor Kronborg GM"]
[Site "Helsingor"]
[Date "2025.05.30"]
[Round "6"]
[White "Pajeken, Jakob Leon"]
[Black "Akesson, Ralf"]
[Result "1/2-1/2"]
[WhiteElo "2440"]
[BlackElo "2353"]
[PlyCount "61"]
[EventDate "2025.05.28"]
[EventType "tourn"]
[EventRounds "9"]
[EventCountry "DEN"]
[EventCategory "8"]
[SourceTitle "CB23_2025"]
[SourceDate "2025.06.04"]
[SourceVersion "1"]
[SourceVersionDate "2025.06.04"]
[SourceQuality "1"]

1. e4 c6 2. d4 d5 3. Nd2 dxe4 4. Nxe4 Bf5 5. Ng3 Bg6 6. Nf3 Nd7 7. h4 h6 8. h5 Bh7 9. Bd3 Bxd3 10. Qxd3 e6 11. Bd2 Ngf6 12. 0-0-0 Qc7 13. Ne4 0-0-0 14. g3 Nc5 15. Nxc5 Bxc5 16. Kb1 Bb6 17. Bf4 Qe7 18. Qe2 Bc7 19. Be5 Rd7 20. Nd2 Rhd8 21. f4 Ne8 22. Bxc7 Nxc7 23. c3 c5 24. Nb3 cxd4 25. Rxd4 Qf6 26. Qe4 Rxd4 27. Nxd4 Rd5 28. g4 a6 29. Nb3 Qd8 30. Kc2 Ne8 31. Qe3 1/2-1/2

[Event "Reykjavik op"]
[Site "Reykjavik"]
[Date "2025.04.13"]
[Round "6"]
[White "Clyde, Jordan"]
[Black "Akesson, Ralf"]
[Result "0-1"]
[WhiteElo "2095"]
[BlackElo "2361"]
[PlyCount "114"]
[EventDate "2025.04.09"]
[EventType "swiss"]
[EventRounds "9"]
[EventCountry "ISL"]
[SourceTitle "CB17_2025"]
[SourceDate "2025.04.23"]
[SourceVersion "1"]
[SourceVersionDate "2025.04.23"]
[SourceQuality "1"]

1. d4 Nf6 2. g3 c5 3. d5 e6 4. c4 exd5 5. cxd5 b5 6. Bg2 d6 7. e4 Nbd7 8. Ne2 g6 9. 0-0 Bg7 10. Bf4 Qe7 11. Nec3 Rb8 12. a4 a6 13. axb5 axb5 14. Qe2 c4 15. Na3 Nh5 16. Naxb5 Nxf4 17. gxf4 0-0 18. Qxc4 Qf6 19. Ne2 Bh6 20. Rfb1 Bxf4 21. Nxf4 Qxf4 22. Nd4 Ne5 23. Qc3 Bd7 24. Ne2 Qh4 25. f4 Ng4 26. Qg3 Qd8 27. h3 Qb6+ 28. Kh1 Ne3 29. Qf2 Bb5 30. b4 Nxg2 31. Kxg2 Bd3 32. Rb2 Bxe4+ 33. Kg3 Bxd5 34. Rd1 Be6 35. Nc3 Rfc8 36. Qd2 Rc4 37. b5 Rbc8 38. Ne2 d5 39. Kg2 Re4 40. Nc3 Rec4 41. Ne2 Bf5 42. Nd4 Be4+ 43. Kh2 Qf6 44. Qf2 Rc1 45. Rbd2 R8c3 46. Ne2 Rxd1 47. Rxd1 Rc2 48. Qe3 Qb2 49. Re1 Qxb5 50. Kg1 Qb2 51. Kf1 Rd2 52. Kg1 Bd3 53. Qe8+ Kg7 54. f5 Bxe2 55. f6+ Qxf6 56. Rxe2 Rd1+ 57. Re1 Qd4+ 0-1

[Event "Reykjavik op"]
[Site "Reykjavik"]
[Date "2025.04.11"]
[Round "4"]
[White "Hartung, Thomas1"]
[Black "Akesson, Ralf"]
[Result "0-1"]
[WhiteElo "2118"]
[BlackElo "2361"]
[PlyCount "66"]
[EventDate "2025.04.09"]
[EventType "swiss"]
[EventRounds "9"]
[EventCountry "ISL"]
[SourceTitle "CB17_2025"]
[SourceDate "2025.04.23"]
[SourceVersion "1"]
[SourceVersionDate "2025.04.23"]
[SourceQuality "1"]

1. e4 c5 2. Nf3 e6 3. d4 cxd4 4. Nxd4 Nc6 5. Nc3 Qc7 6. Be3 a6 7. Qd2 Nf6 8. f3 h5 9. 0-0-0 Be7 10. Be2 b5 11. Nxc6 Qxc6 12. e5 b4 13. Ne4 Nxe4 14. fxe4 Bb7 15. Bg5 f6 16. exf6 gxf6 17. Bh4 e5 18. Rhf1 0-0-0 19. Kb1 Kb8 20. g3 Qe6 21. Bf3 a5 22. Bg2 a4 23. b3 Rhf8 24. Qh6 Rc8 25. Qxh5 Rc3 26. Qf5 axb3 27. cxb3 Rxb3+ 28. Ka1 Qa6 29. Rf3 Qe2 30. Rxb3 Qxd1+ 31. Rb1 Qa4 32. Rb2 Rc8 33. Qf1 Rc2 0-1

[Event "Rilton Cup 52nd"]
[Site "Stockholm"]
[Date "2024.12.27"]
[Round "1"]
[White "Akesson, Ralf"]
[Black "Arsenie, Cristian Marc"]
[Result "1/2-1/2"]
[WhiteElo "2336"]
[BlackElo "2194"]
[PlyCount "85"]
[EventDate "2024.12.27"]
[EventType "swiss"]
[EventRounds "9"]
[EventCountry "SWE"]
[SourceTitle "CB02_2025"]
[SourceDate "2025.01.08"]
[SourceVersion "1"]
[SourceVersionDate "2025.01.08"]
[SourceQuality "1"]

1. Nf3 Nf6 2. c4 c5 3. Nc3 Nc6 4. d4 cxd4 5. Nxd4 e6 6. a3 Bc5 7. Nb3 Bb6 8. e4 d5 9. exd5 exd5 10. cxd5 Ng4 11. Bb5 0-0 12. dxc6 Re8+ 13. Kf1 Qh4 14. Qf3 bxc6 15. Bf4 cxb5 16. Bg3 Qe7 17. Nd5 Qe6 18. Nxb6 axb6 19. h3 Bb7 20. Qxg4 Qxb3 21. Kg1 Qd5 22. f3 Re2 23. Kh2 h5 24. Qf4 Qxf3 25. Qxf3 Bxf3 26. Rhg1 Rc8 27. Raf1 Be4 28. Re1 Rcc2 29. Rxe2 Rxe2 30. b4 g5 31. h4 f6 32. Bc7 Kg7 33. Bxb6 Kg6 34. Kg3 Ra2 35. Kh2 g4 36. Kg3 f5 37. Be3 Re2 38. Bg5 Ra2 39. Kf4 Rxg2 40. Rxg2 Bxg2 41. Ke5 Be4 42. Bf4 Bd3 43. Ke6 1/2-1/2

[Event "Barcelona Sants op 25th"]
[Site "Barcelona"]
[Date "2024.08.31"]
[Round "9"]
[White "Akesson, Ralf"]
[Black "Ventura Bolet, Alexandre"]
[Result "1/2-1/2"]
[WhiteElo "2351"]
[BlackElo "2252"]
[PlyCount "69"]
[EventDate "2024.08.23"]
[EventType "swiss"]
[EventRounds "10"]
[EventCountry "ESP"]
[SourceTitle "CBM 221 Extra"]
[Source "ChessBase"]
[SourceDate "2024.09.30"]
[SourceVersion "1"]
[SourceVersionDate "2024.09.30"]
[SourceQuality "1"]

1. d4 Nf6 2. c4 d6 3. Nf3 g6 4. Nc3 Nbd7 5. g3 Bg7 6. Bg2 0-0 7. 0-0 e5 8. e4 exd4 9. Nxd4 Re8 10. h3 Nc5 11. Re1 Bd7 12. Rb1 h6 13. Kh2 Rb8 14. f3 a6 15. a4 Ne6 16. Nde2 b5 17. axb5 axb5 18. cxb5 Bxb5 19. Nxb5 Rxb5 20. b4 Qb8 21. Bd2 h5 22. f4 c5 23. Qa4 cxb4 24. Rxb4 Rxb4 25. Bxb4 Rc8 26. Qa3 Qb6 27. Ba5 Qf2 28. Qf3 Qa7 29. Bc3 Rc4 30. Bxf6 Bxf6 31. Qd3 Ra4 32. h4 Qf2 33. Rf1 Qb6 34. Rb1 Qf2 35. Rf1 1/2-1/2

[Event "Deltalift op"]
[Site "Halmstad"]
[Date "2024.05.11"]
[Round "8"]
[White "Cibo, Faris"]
[Black "Akesson, Ralf"]
[Result "0-1"]
[WhiteElo "2072"]
[BlackElo "2368"]
[PlyCount "84"]
[EventDate "2024.05.09"]
[EventType "swiss"]
[EventRounds "8"]
[EventCountry "SWE"]
[SourceTitle "CBM 220 Extra"]
[Source "ChessBase"]
[SourceDate "2024.07.31"]
[SourceVersion "1"]
[SourceVersionDate "2024.07.31"]
[SourceQuality "1"]

1. d4 Nf6 2. c4 g6 3. Nc3 d5 4. Nf3 Bg7 5. h4 e6 6. Bf4 c6 7. e3 0-0 8. c5 b6 9. b4 a5 10. a3 Nfd7 11. Be2 bxc5 12. bxc5 Nxc5 13. Rc1 Ncd7 14. h5 Ba6 15. h6 Bf6 16. 0-0 Be7 17. a4 Bxe2 18. Qxe2 Na6 19. e4 Nb4 20. Rfd1 Re8 21. Qe3 dxe4 22. Qxe4 Nd5 23. Bd2 Ba3 24. Rb1 Bb4 25. Qc2 Rc8 26. Bg5 Be7 27. Bxe7 Rxe7 28. Ne4 N7f6 29. Nc5 Ng4 30. Qd2 Qf8 31. Ne5 Nxh6 32. Qxa5 Nf5 33. Rbc1 Qh6 34. Qa6 Ree8 35. Qf1 Ra8 36. Nxc6 Nf4 37. Rc3 Qh5 38. Rf3 Nxg2 39. Rxf5 gxf5 40. Kxg2 Kh8 41. f4 Rg8+ 42. Kf2 Qh2+ 0-1

[Event "Deltalift op"]
[Site "Halmstad"]
[Date "2024.05.10"]
[Round "6"]
[White "Rydstrom, Tom"]
[Black "Akesson, Ralf"]
[Result "1-0"]
[WhiteElo "2229"]
[BlackElo "2368"]
[PlyCount "78"]
[EventDate "2024.05.09"]
[EventType "swiss"]
[EventRounds "8"]
[EventCountry "SWE"]
[SourceTitle "CBM 220 Extra"]
[Source "ChessBase"]
[SourceDate "2024.07.31"]
[SourceVersion "1"]
[SourceVersionDate "2024.07.31"]
[SourceQuality "1"]

1. e4 c5 2. Nf3 e6 3. d4 cxd4 4. Nxd4 Nc6 5. Nc3 Qc7 6. f4 a6 7. Nxc6 Qxc6 8. Bd3 b5 9. Qe2 Bb7 10. Bd2 Ne7 11. a3 Nc8 12. a4 b4 13. Nd5 a5 14. f5 Nd6 15. fxe6 dxe6 16. Bf4 Rc8 17. Rd1 Nc4 18. Nc7+ Rxc7 19. Bxc7 Qxc7 20. Bxc4 Bc5 21. Bb5+ Bc6 22. Bxc6+ Qxc6 23. Qb5 Qxb5 24. axb5 Ke7 25. c3 a4 26. Ke2 Rb8 27. cxb4 Bxb4 28. Ra1 Rxb5 29. Rxa4 Bc5 30. Rb1 Rb3 31. Kd2 e5 32. Rc4 Kd6 33. Kc2 Re3 34. b4 Bd4 35. b5 Re2+ 36. Kd3 Re3+ 37. Kd2 Ra3 38. b6 Ra2+ 39. Kd1 Ra8 1-0

[Event "BEL-chT 2324"]
[Site "Belgium"]
[Date "2024.04.21"]
[Round "11.1"]
[White "Akesson, Ralf"]
[Black "Beukema, Jasper"]
[Result "0-1"]
[WhiteElo "2389"]
[BlackElo "2351"]
[PlyCount "78"]
[EventDate "2023.09.24"]
[EventType "team-tourn"]
[EventRounds "11"]
[EventCountry "BEL"]
[SourceTitle "EXT 2025"]
[Source "ChessBase"]
[SourceDate "2024.10.14"]
[SourceVersion "1"]
[SourceVersionDate "2024.10.14"]
[SourceQuality "1"]
[WhiteTeam "Leuven Centraal"]
[BlackTeam "KOSK"]
[WhiteTeamCountry "BEL"]
[BlackTeamCountry "BEL"]

1. Nf3 d5 2. d4 Nf6 3. c4 e6 4. Nc3 Nbd7 5. cxd5 exd5 6. Bf4 c6 7. e3 Be7 8. h3 Nf8 9. Bd3 Ng6 10. Bh2 Bd6 11. Bxd6 Qxd6 12. Qc2 0-0 13. 0-0 Ne8 14. Rfe1 Qf6 15. Nh2 Nd6 16. Rad1 h5 17. f3 Qg5 18. Kh1 Nf5 19. Nf1 Be6 20. Qf2 h4 21. e4 Ng3+ 22. Kh2 dxe4 23. fxe4 Rad8 24. Bc2 Nh5 25. e5 Bd5 26. Nxd5 Rxd5 27. Bb3 Rdd8 28. Re4 Nhf4 29. Rd2 Kh8 30. Qf3 c5 31. dxc5 Rxd2 32. Nxd2 f5 33. Re1 Rd8 34. Nc4 Rd3 35. Nd6 Kh7 36. Qf2 Nxh3 37. Nf7 Qg4 38. Qe2 Qg3+ 39. Kh1 Nhf4 0-1

[Event "BEL-chT 2324"]
[Site "Belgium"]
[Date "2024.03.24"]
[Round "10.1"]
[White "Gurevich, Mikhail"]
[Black "Akesson, Ralf"]
[Result "1/2-1/2"]
[WhiteElo "2553"]
[BlackElo "2389"]
[PlyCount "57"]
[EventDate "2023.09.24"]
[EventType "team-tourn"]
[EventRounds "11"]
[EventCountry "BEL"]
[SourceTitle "EXT 2025"]
[Source "ChessBase"]
[SourceDate "2024.10.14"]
[SourceVersion "1"]
[SourceVersionDate "2024.10.14"]
[SourceQuality "1"]
[WhiteTeam "Namur"]
[BlackTeam "Leuven Centraal"]
[WhiteTeamCountry "BEL"]
[BlackTeamCountry "BEL"]

1. c4 Nf6 2. Nc3 c5 3. Nf3 e6 4. e3 d5 5. d4 a6 6. cxd5 exd5 7. g3 Nc6 8. Bg2 Be7 9. 0-0 0-0 10. Ne5 Be6 11. Nxc6 bxc6 12. dxc5 Bxc5 13. Qc2 Ba7 14. b3 Qd7 15. Bb2 Bh3 16. Rfd1 Rfe8 17. Ne2 Bxg2 18. Kxg2 Ne4 19. Rac1 Rac8 20. Nf4 Bb8 21. Qd3 Ng5 22. h4 Bxf4 23. hxg5 Bxg5 24. Qxa6 c5 25. Rc2 Ra8 26. Qd3 Rxa2 27. Qxd5 Qxd5+ 28. Rxd5 Bf6 29. Rdd2 1/2-1/2

[Event "SWE-chT 2324 Elite"]
[Site "Sweden"]
[Date "2024.03.09"]
[Round "8.2"]
[White "Akesson, Ralf"]
[Black "Heberla, Bartlomiej"]
[Result "1/2-1/2"]
[WhiteElo "2369"]
[BlackElo "2557"]
[PlyCount "89"]
[EventDate "2023.10.13"]
[EventType "team-tourn"]
[EventRounds "9"]
[EventCountry "SWE"]
[SourceTitle "EXT 2025"]
[Source "ChessBase"]
[SourceDate "2024.10.14"]
[SourceVersion "1"]
[SourceVersionDate "2024.10.14"]
[SourceQuality "1"]
[WhiteTeam "Vasteras"]
[BlackTeam "Eksjo"]
[WhiteTeamCountry "SWE"]
[BlackTeamCountry "SWE"]

1. d4 d5 2. c4 e6 3. Nf3 Nf6 4. Nc3 Nbd7 5. cxd5 exd5 6. Bf4 c6 7. Qc2 Be7 8. h3 Nf8 9. e3 Ng6 10. Bh2 Bd6 11. Bxd6 Qxd6 12. Bd3 0-0 13. 0-0 Re8 14. Rfe1 Bd7 15. b4 b6 16. a3 Re7 17. e4 dxe4 18. Nxe4 Nxe4 19. Bxe4 Rae8 20. Rad1 Qf6 21. Re3 Nh4 22. Ne5 Bf5 23. Qxc6 Bxe4 24. Qxe4 Ng6 25. Qd5 Nxe5 26. dxe5 Qf5 27. Rd4 g6 28. f4 Rc7 29. Kh2 Kg7 30. Qd6 Ree7 31. g4 Qc2+ 32. Rd2 Qc6 33. Qxc6 Rxc6 34. f5 Kh6 35. h4 gxf5 36. gxf5 Rc4 37. Kg3 Kh5 38. e6 fxe6 39. fxe6 Kg6 40. h5+ Kg5 41. Rf2 Rg4+ 42. Kh3 Rh4+ 43. Kg2 Rg4+ 44. Kh3 Rh4+ 45. Kg2 1/2-1/2

[Event "Titled Tuesday intern op 05th Mar Early"]
[Site "Chess.com INT"]
[Date "2024.03.05"]
[Round "4"]
[White "Akesson, Ralf"]
[Black "Ioannidis, Evgenios"]
[Result "0-1"]
[WhiteElo "2369"]
[BlackElo "2521"]
[PlyCount "54"]
[EventDate "2024.03.05"]
[EventType "swiss (blitz)"]
[EventRounds "11"]
[EventCountry "USA"]
[SourceTitle "EXT 2025"]
[Source "ChessBase"]
[SourceDate "2024.10.14"]
[SourceVersion "1"]
[SourceVersionDate "2024.10.14"]
[SourceQuality "1"]

1. c4 Nf6 2. Nc3 e5 3. Nf3 Nc6 4. g3 Bb4 5. Bg2 0-0 6. 0-0 e4 7. Ng5 Bxc3 8. dxc3 Re8 9. Nh3 d6 10. Nf4 Ne5 11. b3 Bf5 12. h3 h6 13. Be3 c6 14. g4 Bh7 15. Kh2 Qc7 16. Kh1 Rad8 17. Qd2 g5 18. Nh5 Nxh5 19. gxh5 f5 20. Bd4 c5 21. Bxe5 dxe5 22. Qc2 Rd7 23. Rad1 Red8 24. b4 f4 25. Qc1 b6 26. Rxd7 Qxd7 27. bxc5 f3 0-1

[Event "Titled Tuesday intern op 05th Mar Early"]
[Site "Chess.com INT"]
[Date "2024.03.05"]
[Round "11"]
[White "Kleibel, Uwe"]
[Black "Akesson, Ralf"]
[Result "0-1"]
[WhiteElo "2297"]
[BlackElo "2369"]
[PlyCount "112"]
[EventDate "2024.03.05"]
[EventType "swiss (blitz)"]
[EventRounds "11"]
[EventCountry "USA"]
[SourceTitle "EXT 2025"]
[Source "ChessBase"]
[SourceDate "2024.10.14"]
[SourceVersion "1"]
[SourceVersionDate "2024.10.14"]
[SourceQuality "1"]

1. d4 Nf6 2. Nf3 e6 3. g3 b5 4. Bg2 Bb7 5. 0-0 c5 6. a4 b4 7. Nbd2 cxd4 8. Nxd4 Bxg2 9. Kxg2 Qb6 10. e3 Qb7+ 11. Qf3 d5 12. Re1 Nbd7 13. e4 Ne5 14. Qe2 dxe4 15. Nxe4 Be7 16. Bf4 Ng6 17. Qb5+ Qxb5 18. Nxb5 Nxf4+ 19. gxf4 0-0 20. Rad1 Rfc8 21. c3 Nxe4 22. Rxe4 a6 23. Nd6 Bxd6 24. Rxd6 bxc3 25. bxc3 Rxc3 26. Red4 g6 27. Rd8+ Rxd8 28. Rxd8+ Kg7 29. Rd6 a5 30. Ra6 Rc5 31. Kf3 Kf6 32. Ra7 h6 33. h4 Rc3+ 34. Kg2 Rc4 35. Rxa5 Rxf4 36. Kg3 Rc4 37. Ra7 h5 38. a5 Rg4+ 39. Kh3 e5 40. f3 Ra4 41. Kg3 Ke6 42. a6 f6 43. Ra8 Kf5 44. Ra7 Ra3 45. Kg2 Kf4 46. Rg7 Rxa6 47. Rxg6 Ra2+ 48. Kf1 f5 49. Rg5 Ra3 50. Rxh5 Rxf3+ 51. Kg2 Rg3+ 52. Kf2 Rg4 53. Rh8 e4 54. h5 e3+ 55. Ke2 Rg2+ 56. Ke1 Kf3 0-1

[Event "Titled Tuesday intern op 05th Mar Early"]
[Site "Chess.com INT"]
[Date "2024.03.05"]
[Round "5"]
[White "Labussiere, Yago"]
[Black "Akesson, Ralf"]
[Result "1-0"]
[WhiteElo "2184"]
[BlackElo "2369"]
[PlyCount "91"]
[EventDate "2024.03.05"]
[EventType "swiss (blitz)"]
[EventRounds "11"]
[EventCountry "USA"]
[SourceTitle "EXT 2025"]
[Source "ChessBase"]
[SourceDate "2024.10.14"]
[SourceVersion "1"]
[SourceVersionDate "2024.10.14"]
[SourceQuality "1"]

1. d4 Nf6 2. c4 g6 3. Nc3 d5 4. Bf4 Bg7 5. e3 c5 6. dxc5 Qa5 7. Rc1 dxc4 8. Bxc4 0-0 9. Nge2 Nc6 10. 0-0 Qxc5 11. Nb5 Qh5 12. Ng3 Qxd1 13. Rfxd1 a6 14. Nc7 Ra7 15. Nd5 Nxd5 16. Bxd5 e5 17. Bg5 h6 18. Bxc6 bxc6 19. Bd8 Be6 20. b3 Bd5 21. Ba5 e4 22. Bc3 f5 23. Ne2 Rd8 24. Bxg7 Kxg7 25. Kf1 Kf6 26. Ke1 Ke5 27. Rd2 a5 28. Nc3 Rad7 29. Rcd1 Be6 30. Rxd7 Rxd7 31. Rxd7 Bxd7 32. Kd2 Bc8 33. Ne2 g5 34. Kc3 Ba6 35. Nd4 Bb7 36. b4 axb4+ 37. Kxb4 f4 38. Kc5 h5 39. g3 fxe3 40. fxe3 h4 41. a4 Ba6 42. a5 Bf1 43. Nxc6+ Kf5 44. gxh4 gxh4 45. Nd4+ Kg4 46. Nb5 1-0

[Event "Titled Tuesday intern op 05th Mar Early"]
[Site "Chess.com INT"]
[Date "2024.03.05"]
[Round "9"]
[White "Van Osch, Mees"]
[Black "Akesson, Ralf"]
[Result "0-1"]
[WhiteElo "2351"]
[BlackElo "2369"]
[PlyCount "118"]
[EventDate "2024.03.05"]
[EventType "swiss (blitz)"]
[EventRounds "11"]
[EventCountry "USA"]
[SourceTitle "EXT 2025"]
[Source "ChessBase"]
[SourceDate "2024.10.14"]
[SourceVersion "1"]
[SourceVersionDate "2024.10.14"]
[SourceQuality "1"]

1. e4 c5 2. Nf3 d6 3. d4 cxd4 4. Nxd4 Nf6 5. Nc3 a6 6. Be3 e5 7. Nb3 Be6 8. f4 Qc7 9. f5 Bd7 10. g4 Bc6 11. Bg2 h6 12. h4 h5 13. g5 Ng4 14. Bg1 Nd7 15. Bf3 b5 16. Bxg4 hxg4 17. Qxg4 b4 18. Ne2 Qb7 19. Na5 Qb5 20. Nxc6 Qxc6 21. 0-0-0 Rc8 22. Rd2 a5 23. Kb1 a4 24. Bf2 Be7 25. h5 Bd8 26. h6 gxh6 27. g6 Bg5 28. Qxg5 hxg5 29. Rxh8+ Ke7 30. g7 Nf6 31. Be3 Qa8 32. Rxc8 Qxc8 33. Bxg5 Qg8 34. Rxd6 Kxd6 35. Bxf6 Qh7 36. Nc1 Kd7 37. a3 bxa3 38. bxa3 Kd6 39. Kb2 Qg8 40. Nd3 Qb8+ 41. Ka2 Qc8 42. Kb2 Qb8+ 43. Kc1 Qc8 44. Bxe5+ Ke7 45. f6+ Ke6 46. Bd4 Kd7 47. Nc5+ Kc6 48. c3 Qg4 49. Kd2 Kb5 50. Nd3 Qg2+ 51. Nf2 Kc4 52. Ke3 Qg3+ 53. Ke2 Qg2 54. e5 Qg6 55. Ke3 Kb3 56. Ne4 Kxa3 57. Nc5 Qg3+ 58. Ke4 Qg2+ 59. Kf4 Kb2 0-1

[Event "BEL-chT 2324"]
[Site "Belgium"]
[Date "2024.02.04"]
[Round "7.1"]
[White "Fernandez, Daniel Howard"]
[Black "Akesson, Ralf"]
[Result "1-0"]
[WhiteElo "2524"]
[BlackElo "2389"]
[PlyCount "101"]
[EventDate "2023.09.24"]
[EventType "team-tourn"]
[EventRounds "11"]
[EventCountry "BEL"]
[SourceTitle "EXT 2025"]
[Source "ChessBase"]
[SourceDate "2024.10.14"]
[SourceVersion "1"]
[SourceVersionDate "2024.10.14"]
[SourceQuality "1"]
[WhiteTeam "KGSRL"]
[BlackTeam "Leuven Centraal"]
[WhiteTeamCountry "BEL"]
[BlackTeamCountry "BEL"]

1. e4 c6 2. d4 d5 3. exd5 cxd5 4. Nf3 Nf6 5. c3 Nc6 6. Ne5 g6 7. Bb5 Bd7 8. Nxd7 Qxd7 9. 0-0 Bg7 10. a4 0-0 11. Nd2 a6 12. Bd3 e5 13. dxe5 Nxe5 14. Nf3 Nxd3 15. Qxd3 Ne4 16. Be3 Qc6 17. Nd4 Qc4 18. Qxc4 dxc4 19. Nc2 Rfd8 20. Rfd1 Bf8 21. Kf1 Nc5 22. Bxc5 Bxc5 23. a5 f5 24. Ke2 Re8+ 25. Kf3 Rad8 26. Ne3 Bxe3 27. Rxd8 Rxd8 28. Kxe3 Re8+ 29. Kf3 Re5 30. Ra4 Rb5 31. Rb4 Rxa5 32. Rxb7 Rd5 33. h4 Rd2 34. Ke3 Rc2 35. g3 a5 36. f3 a4 37. Ra7 Rxb2 38. Rxa4 Rg2 39. Kf4 Kf7 40. Rxc4 h6 41. Rc7+ Kf6 42. Rc6+ Kf7 43. c4 Kg7 44. c5 Rg1 45. Rd6 Rc1 46. c6 Rc5 47. Ke3 Rc1 48. Kd4 Kf7 49. Kd5 Rc3 50. Rd7+ Kf6 51. c7 1-0